000 00445 a2200169 4500
001 72435
020 _a8526247603
040 _cAnchieta - Colégio São Paulo
100 _aPoe, Edgar Allan
240 1 0 _aOs assassinatos da rua Morgue e o escaravelho de ouro
_lpor
245 1 0 _aOs assassinatos da rua Morgue e o escaravelho de ouro
300 _a101
362 0 _a2005
440 1 _aScipione
650 4 _aLiteratura juvenil
942 _cBK
999 _c72435
_d72435